000
00337nam a2200157Ia 4500
100
_a
Dubey/N.H
650
_a
Engineering Drawing
942
_c
BK
654
_a
drawing
245
_a
Engineering Drawing
260
_b
Nandu Book House
_a
Mumbai
_c
2005
082
_a
604.2/DUB
_b
DUB
300
_a
376
546
_a
ENGLISH
999
_c
29524
_d
29524